000 00270nam a2200121Ia 4500
008 190216s9999||||xx |||||||||||||| ||und||
100 _aKaldap Guptha
245 0 _aHindi-Gadya Surabi
260 _bAnil Pusthak Kendra
300 _a100
650 _aHindi
942 _cBK
999 _c15883
_d15883